Dự án cấp nước thí điểm tại hai thị trấn của Hải Phòng và Bắc Ninh: Nghiên cứu khả thi cho thị trấn Lim tháng 2- 2004

Gorde:
Xehetasun bibliografikoak
Erakunde egilea: Ngân hàng Thế giới
Formatua: Liburua
Hizkuntza:Undetermined
Argitaratua: Washington D.C Ngân hàng Thế giới 2004
Gaiak:
Etiketak: Etiketa erantsi
Etiketarik gabe, Izan zaitez lehena erregistro honi etiketa jartzen!
Thư viện lưu trữ: Trung tâm Học liệu Trường Đại học Cần Thơ
LEADER 00651nam a2200181Ia 4500
001 CTU_62280
008 210402s9999 xx 000 0 und d
082 |a 333.912 
082 |b W927nd 
110 |a Ngân hàng Thế giới 
245 0 |a Dự án cấp nước thí điểm tại hai thị trấn của Hải Phòng và Bắc Ninh: 
245 0 |b Nghiên cứu khả thi cho thị trấn Lim tháng 2- 2004 
260 |a Washington D.C 
260 |b Ngân hàng Thế giới 
260 |c 2004 
650 |a water resources development 
904 |i Minh 
980 |a Trung tâm Học liệu Trường Đại học Cần Thơ